4-Letter Country Giant Word Ladder Quiz Stats

 Plays Quiz Updated Nov 16, 2017

Challenge
Share
Tweet
Embed
Score 0/74 Timer 08:00
28 Plays Today
Clue 4-Letter Word % Correct
★ Middle Eastern country ★IRAN
90.5%
★ Middle Eastern country ★IRAQ
90.1%
12 inchesFOOT
86.3%
Opposite of pushPULL
86%
Ocean Spray '___-Apple'CRAN
82.6%
Last word of Christian prayersAMEN
82.2%
Getting the puck in the netGOAL
81.7%
Nonsense or rubbishCRAP
79.9%
A person lacking judgmentFOOL
79.6%
A baby horseFOAL
79.5%
Behind scheduleLATE
78.3%
Has toMUST
78.2%
Pole that holds a ship's sailsMAST
78%
★ African country ★CHAD
77.6%
Crack when dry, like lipsCHAP
77.5%
Capricorn is this animalGOAT
77.2%
Dermis and epidermisSKIN
76.8%
Sculpture of head and shouldersBUST
76.4%
Heal someone of a diseaseCURE
75.5%
A very large brass instrumentTUBA
75.1%
Hanks film '___ Thing You Do'THAT
74.6%
Fish used for salads and sushiTUNA
74.6%
★ North American country ★CUBA
74.4%
Melody or songTUNE
74.2%
A place to dig up coal or gemsMINE
74.2%
'The ___ for Red October'HUNT
73.4%
A short humorous sketchSKIT
73.2%
Money taken illegallyLOOT
72.8%
Surrealist artist SalvadorDALI
72%
★ South American country ★PERU
72%
A type of springy bouncing stickPOGO
71.7%
A shape with 6 square sidesCUBE
71.3%
★ Asian country ★LAOS
71.2%
Hearts or Diamonds, e.g.SUIT
71%
A male bovineBULL
70.8%
A very short skirtMINI
70.8%
Ernie's Muppet housemateBERT
70.3%
Clue 4-Letter Word % Correct
★ Middle Eastern country ★OMAN
70%
Bathrooms in LondonLOOS
70%
The body of a shipHULL
69.9%
A stabby part of a forkTINE
69.5%
Future-predicting occurenceOMEN
69.4%
Part of a bookPAGE
69.2%
Ask a group a questionPOLL
68.9%
★ African country ★MALI
68.6%
An invoiceBILL
68.3%
A chopped meat spreadPATÉ
67.3%
A swingless batted hitBUNT
67.2%
An herb used on picklesDILL
66.6%
Ugandan military dictator Idi AMIN
65.3%
Lower back musclesLATS
64.9%
Similar or relatedAKIN
64.7%
Sprouted grain for brewing beerMALT
64.4%
8, to a ParisianHUIT
64.1%
Mississippi's Senator Cochran THAD
62.4%
★ African country ★TOGO
61.6%
Completed or done, in FrenchFINI
61.1%
Throw with forceHURL
59.2%
Excellent, in urban slangPHAT
58.3%
Form into a curved shapeCURL
57.8%
Lively or vivaciousPERT
56.5%
Capital city of East TimorDILI
56.3%
Carbonized moss from bogsPEAT
55.5%
★ Oceanic country ★FIJI
54.7%
Uncle Owen's wife in Star WarsBERU
53.3%
Business school admission examGMAT
53.2%
A type of knitting stitchPURL
52.7%
FBI agent, for shortG-MAN
51.9%
Programming languagePERL
49.7%
Half of American Samoa's capitalPAGO
48.6%
Wonks, senators, or governorsPOLS
39.4%
Slang for an old manPOPS
36.1%
The bestTOPS
35.4%
___ Gigio, an Italian mouse puppetTOPO
34.5%

You're not logged in!

Compare scores with friends on all Sporcle quizzes.
OR
Log In

You Might Also Like...

Show Comments

Extras

Top Quizzes Today


Score Distribution

Your Account Isn't Verified!

In order to create a playlist on Sporcle, you need to verify the email address you used during registration. Go to your Sporcle Settings to finish the process.

Report this User

Report this user for behavior that violates our Community Guidelines.

Details: